טוען...
Human resource development/
| מחבר ראשי: | |
|---|---|
| פורמט: | Printed Book |
| יצא לאור: |
New Delhi:
Maxford Books,
2009.
|
| נושאים: |
| LEADER | 00444nam a22001457a 4500 | ||
|---|---|---|---|
| 020 | |a 9788181160942 | ||
| 082 | |a 658.3 |b SAN-H | ||
| 100 | |a Sandhir Sharma | ||
| 245 | |a Human resource development/ | ||
| 260 | |a New Delhi: |b Maxford Books, |c 2009. | ||
| 300 | |a 296p. | ||
| 650 | |a Human resource development | ||
| 942 | |c BK | ||
| 999 | |c 47270 |d 47270 | ||
| 952 | |0 0 |1 0 |4 0 |6 658_300000000000000_SANH |7 0 |9 59517 |a KU |b KU |c GEN |d 2017-06-07 |g 995.00 |o 658.3 SAN-H |p AE02854 |y BK | ||